Pubg weapons - Statistics

General Stats
  • This quiz has been taken 269 times
  • The average score is 15 of 51
Answer Stats
Weapon type Answer % Correct
Assault Rifle M416
86%
Assault Rifle Akm
79%
Sniper Rifle M24
78%
Sniper Rifle Awm
75%
Assault Rifle M16
64%
Assault Rifle Scar
56%
Sniper Rifle Kar98k
50%
Assault Rifle Aug
49%
Light Machine Gun M249
48%
Marksman Rifles Sks
48%
Assault Rifle Groza
46%
Marksman Rifles Mini14
44%
Submachine Guns Ump45
44%
Marksman Rifles Slr
38%
Submachine Guns Vector
37%
Submachine Guns P90
36%
Bow Crossbow
35%
Marksman Rifles Mk14
35%
Assault Rifle Qbz
34%
Assault Rifle Beryl
31%
Shotguns Dbs
30%
Light Machine Gun Dp-28
29%
Assault Rifle Famas
27%
Marksman Rifles Mk12
26%
Shotguns S12k
26%
Assault Rifle Ace
24%
Light Machine Gun Mg3
22%
Marksman Rifles Vss
22%
Marksman Rifles Qbu
21%
Shotguns S686
20%
Submachine Guns Micro Uzi
19%
Pistols P1911
19%
Submachine Guns Tommy Gun
19%
Assault Rifle G36c
18%
Pistols P92
18%
Submachine Guns Mp5k
17%
Shotguns Sawed-Off
15%
Sniper Rifle Win94
13%
Assault Rifle Mk47 Mutant
12%
Pistols Deagle
11%
Assault Rifle K2
10%
Pistols P18c
10%
Pistols Skorpion
9%
Sniper Rifle Lynx Amr
8%
Submachine Guns PP-19 Bizon
6%
Submachine Guns Mp9
5%
Pistols R45
5%
Shotguns O12
3%
Shotguns S1879
3%
Sniper Rifle Nosin Nagant
2%
Pistols R1895
2%
No matching quizzes found
Score Distribution
Percent of People with Each Score
Percentile by Number Answered
Your Score History
You have not taken this quiz